The Signs Reader : Women, Gender and Scholarship /

محفوظ في:
التفاصيل البيبلوغرافية
مؤلفون آخرون: Abel, Elizabeth (edición) (edición), Abel, Emily K. (edición) (edición)
التنسيق: كتاب
اللغة:الإنجليزية
منشور في: Chicago, EUA : University of Chicago, 1983, c1983
الموضوعات:
الوسوم: إضافة وسم
لا توجد وسوم, كن أول من يضع وسما على هذه التسجيلة!

MARC

LEADER 00000nam^a2200000^a^4500
001 000190930
005 20250521000000.0
009 20260310102510.024
020 |a 0-226-00075-3 
037 |a Acervo ITESO - Biblioteca 
041 |a ING 
082 |a 305. 4205  |b SIG 1975-1982 V. 1-30 
240 1 1 |a [Signs: Journal of Women in Culture and Society] 
245 0 4 |a The Signs Reader :  |b Women, Gender and Scholarship /  |c Ed. e introd. de E. Abel, E.K. Abel. 
264 4 |a Chicago, EUA :  |b University of Chicago,  |c 1983, c1983 
300 |a 297 p. 
336 |a texto  |b txt  |2 rdacontenido 
337 |a sin mediación  |b n  |2 rdamedio 
338 |a volumen  |b nc  |2 rdasoporte 
649 |a XX 
650 |a Mujeres -  |x Publicaciones Periódicas Norteamericanas -  |x Tema Principal 
650 |a Feminismo -  |x Publicaciones Periódicas Norteamericanas 
650 |a Sociología -  |x Publicaciones Periódicas Norteamericanas 
650 |a Mujeres -  |x Historia -  |x Metodología 
650 |a Mujeres -  |z EUA -  |x Historia 
650 |a Negros en EUA -  |x Condiciones Sociales y Culturales 
650 |a Mujeres en la Religión -  |z Marruecos 
650 |a Mujeres -  |z Marruecos -  |x Condiciones Sociales y Culturales 
650 |a Género 
650 |a Clases Sociales 
650 |a Incesto 
650 |a Abuso Sexual 
650 |a Paternidad 
650 |a Relaciones Padres-Hijos 
650 |a Relaciones Familiares 
650 |a Racismo -  |z EUA 
650 |a Discriminación de Género -  |z EUA 
650 |a Discriminación -  |z EUA 
650 |a Problemas Sociales -  |z EUA 
650 |a Homosexualidad -  |z EUA -  |x Historia -  |y Siglo XIX 
650 |a Sexualidad -  |z EUA -  |x Historia -  |y Siglo XIX 
650 |a EUA -  |x Historia -  |y Siglo XIX 
650 |a Historiografía 
650 |a Historia 
650 |a Templos -  |z Marruecos 
650 |a Prácticas Culturales -  |z Marruecos 
650 |a Literatura de Mujeres -  |x Teoría 
650 |a Literatura -  |x Historia y Crítica 
650 |a Simbolismo 
650 |a Dios 
650 |a Teología 
650 |a Judaísmo 
650 |a Cristianismo 
650 |a Objetividad y Subjetividad en la Ciencia 
650 |a División del Trabajo 
650 |a Trabajo 
650 |a Marxismo 
650 |a Etología 
650 |a Sociología de la Religión 
650 |a Sociología Laboral 
650 |a Economía Laboral 
650 |a Sociología de la Economía 
650 |a Sociología de la Cultura 
650 |a Epistemología 
650 |a Publicaciones Periódicas Norteamericanas 
700 |a Abel, Elizabeth  |e (edición) 
700 |a Abel, Emily K.  |e (edición) 
910 |a Fondo General 
920 |a Impresos - Libros 
930 |a Colección General 
905 |a 101 
901 |a 0500134213  |b IT1  |c ACC  |u 20250521 
902 |a https://opac.biblio.iteso.mx/vufind/Record/000190930